| 000 | 01028nam a22002777a 4500 | ||
|---|---|---|---|
| 003 | dpl | ||
| 005 | 20180712124103.0 | ||
| 008 | 180712b xxu||||| |||| 00| 0 eng d | ||
| 010 | _aA-983278 | ||
| 020 | _c150.00 | ||
| 035 | _aA-983278, A-983296 | ||
| 037 | _bCen Lib/Ret | ||
| 040 |
_aDPL _bHN _c0 |
||
| 082 |
_aउ _bवर्मागा |
||
| 100 |
_aवर्मा, गायत्री _962112 |
||
| 245 |
_aसफ़र / _cगायत्री वर्मा |
||
| 246 |
_aSafar / _bby Gayatri Verma |
||
| 260 |
_aनयी दिल्ली _bएम.एन. पब्लिशर्स _c1999 |
||
| 270 |
_bनयी दिल्ली _aW-116, ग्रेटर कैलाश, पार्ट-1 _e110048 |
||
| 300 |
_a159पृ. _c21सेमी(सजिल्द) |
||
| 650 |
_aहिन्दी साहित्य _962113 |
||
| 650 |
_aउपन्यास _962114 |
||
| 650 |
_aHindi literature _962115 |
||
| 650 |
_aFiction _98901 |
||
| 942 |
_2ddc _cHN _hउ _mवर्मागा |
||
| 999 |
_c115584 _d115584 |
||